| 000 | 01425cam a2200301 a 4500 | ||
|---|---|---|---|
| 001 | 2511660 | ||
| 005 | 20210414114131.0 | ||
| 008 | 920501s1992 caua 001 0 eng | ||
| 010 | _a 92154631 | ||
| 020 |
_a0078810183 : _c$29.95 |
||
| 040 |
_aDLC _cDLC _dDLC |
||
| 050 | 0 | 0 | _aZ52.5.W65 D97 |
| 082 | 0 | 0 |
_a652.5/536 _220 |
| 100 | 1 | _aDyson, Steve. | |
| 245 | 1 | 0 |
_aWordPerfect for Windows :the complete reference. / _cSteve Dyson, Daniel J. Fingerman, Stephen Cobb. |
| 260 |
_aBerkeley : _bOsborne McGraw-Hill, _c1992. |
||
| 300 |
_axix, 763 p. : _bill. ; _c24 cm. |
||
| 500 | _a"Covers version 5.1"--Cover. | ||
| 500 | _aIncludes index. | ||
| 505 | _aContents: Getting started with wordperfect for windows: Windows and wordperfect -- Wordperfect for windows basics -- Tools and techniques -- Exploring more advanced features: Using the file manager -- Working with your printer -- Merger applications -- Desktop publishing with wordperfect for windows -- Applications for macros -- Spreadsheet and database files -- Command reference: Commands and features -- Appendixes. | ||
| 630 | 0 | 0 | _aWordPerfect (Computer file) |
| 650 | 0 | _aWord processing. | |
| 700 | 1 | _aFingerman, Daniel J. | |
| 700 | 1 |
_aCobb, Stephen, _d1952- |
|
| 906 |
_a7 _bcbc _corignew _d2 _encip _f19 _gy-gencatlg |
||
| 942 |
_2lcc _cBK |
||
| 999 |
_c2190 _d9690 |
||